000 00458nam a2200169 i 4500
001 bg
100 1 _aANTONOV, Valerij G.
245 0 _aSredstva izmerenij magnitnych parametrov materialov /
_cV.G. Antonov, L.M. Petrov, A.P. Ščelkin.
260 _aLeningrad,
_c1986.
700 1 _aPETROV, Leonid M.
700 1 _aSCELKIN, Aleksej P.
040 _cBPK
041 _apol
080 _a537.6
942 _cKS
008 s pl f |000 0 pol
999 _c23289
_d23289
856 _uhttp://koha.tu.koszalin.pl/cgi-bin/koha/opac-detail.pl?biblionumber=23289
_yKatalog online BPK